| 000 | 01827nam a22002417a 4500 | ||
|---|---|---|---|
| 999 |
_c59504 _d59504 |
||
| 003 | Ge_BSU | ||
| 005 | 20230301164858.0 | ||
| 008 | 230301s2001 ge ||||| |||| 00| 0 geo d | ||
| 020 | _a9992849061 | ||
| 041 | _ageo | ||
| 080 | _a34.01(042.4) შ-15 | ||
| 100 |
_aშავაძე, პაატა _917098 |
||
| 245 |
_aშესავალი იურიდიულ სპეციალობაში / _cპაატა შავაძე; რედაქტორი აპოლონ ფალიაშვილი; ბათუმის სამართლის ინსტიტუტის სამართლის თეორიის, კონსტიტუციური სამართლისა და ისტორიის კათედრა. |
||
| 264 |
_aბათუმი : _bიურიდიული ლიტერატურა, _c2001. |
||
| 300 |
_a96 გვ. ; _b20 სმ. |
||
| 500 | _a ეძღვნება ბათუმის სახელმწიფო უნივერსიტეტის 60 წლის საიუბილეო თარიღს. | ||
| 504 | _a ბიბლიოგრაფია ტექსტის შენიშვნებში. | ||
| 520 | _a რეზიუმე ინგლისურ ენაზე. | ||
| 653 | _aიურიდიული მეცნიერების შესავალი | ||
| 700 |
_aფალიაშვილი, აპოლონ _eრედაქტორი _917099 |
||
| 710 |
_aბათუმის სამართლის ინსტიტუტი. _bსამართლის თეორიის, კონსტიტუციური სამართლისა და ისტორიის კათედრა. _917100 |
||
| 942 |
_2udc _cBK |
||